Nigerian journal of basic and applied sciences: NJBAS (Record no. 38532)

MARC details
000 -LEADER
fixed length control field 00538nam a2200169Ia 4500
022 ## - INTERNATIONAL STANDARD SERIAL NUMBER
ISSN 07945698
050 ## - CALL MARK
Classification number Q 85.4 .N5/
245 #0 - TITLE STATEMENT
Title Nigerian journal of basic and applied sciences: NJBAS
260 ## - PUBLICATION, DISTRIBUTION, ETC. (IMPRINT)
Place of publication Sokoto
260 ## - PUBLICATION, DISTRIBUTION, ETC. (IMPRINT)
Name of publisher University of Sokoto
260 ## - PUBLICATION, DISTRIBUTION, ETC. (IMPRINT)
Year of publication 2008
300 ## - PHYSICAL DESCRIPTION
Number of Pages v. : ill. ; 25 cm.
650 ## - SUBJECT ADDED ENTRY--TOPICAL TERM
Topical Term Science--Periodicals. Engineering--Periodicals. Research--Nigeria--Periodicals. Engineering--Research--Nigeria--Periodicals.
942 ## - ADDED ENTRY ELEMENTS (KOHA)
Koha item type Serials

No items available.